000 00237 a2200097 4500
020 _a078073002993
041 _aspa
100 _aStan y Jan Berenstain
245 _aLos Osos scouts Berenstain y el Complat de la gran Calabaza
942 _cK
999 _c28839
_d28839